[Event "ARG-Cup5 Maestros corr"]
[Site "Argentina"]
[Date "1996.??.??"]
[Round "?"]
[White "Vogel, Enri"]
[Black "Parnenzini, Pedro Alfonso"]
[Result "1/2-1/2"]
[WhiteElo "2200"]
[BlackElo "2200"]
[PlyCount "37"]
[EventDate "1997.??.??"]
[EventType "tourn (corr)"]
[EventRounds "13"]
[EventCountry "ARG"]
[SourceTitle "Corr 2000"]
[Source "ChessBase"]
[SourceDate "2000.04.19"]
[SourceVersion "1"]
[SourceVersionDate "2000.04.19"]
[SourceQuality "1"]

1. d4 Nf6 2. c4 g6 3. Nc3 d5 4. cxd5 Nxd5 5. e4 Nxc3 6. bxc3 Bg7 7. Bc4 0-0 8. Ne2 c5 9. Be3 Nc6 10. 0-0 Bg4 11. f3 Bd7 12. a4 Rc8 13. dxc5 Na5 14. Ba2 Qc7 15. Nf4 e6 16. Qc2 Rfd8 17. Rfd1 Be5 18. g3 Bxf4 19. gxf4 1/2-1/2